| 000 | 00879ntm a22002297a 4500 | ||
|---|---|---|---|
| 005 | 20170813142501.0 | ||
| 008 | 170802s2013 xx a frb 000 0 eng d | ||
| 040 |
_aEG-ScBUE _beng _cEG-ScBUE |
||
| 082 | 0 | 4 |
_222 _a624 _bSAA |
| 100 | 1 | _aSaad Eldin, Saad eldin Khaled. | |
| 245 | 1 | 4 |
_aThe difference between the force based seimsic desgin and the performance based seismc desgin approaches / _cSaad eldin Khaled Saad Eldin. |
| 260 | _c2013. | ||
| 300 |
_aiii, 73 p. : _bill. (col.) ; _c28 cm. |
||
| 500 | _aA dissertation submitted to the faculty of engineering the British University in Egypt,in partial fulfillment of the requirements for the bachelor degree in civil engineering | ||
| 590 | _anagwa | ||
| 650 | 7 |
_2BUEsh _aCivil Engineering _vProjects |
|
| 653 |
_bENGCIV _cAugust2017 |
||
| 655 | _vSPRO | ||
| 700 | 1 |
_aShedid, Marwan. _ethe |
|
| 777 | _ASPRO | ||
| 942 | _2ddc | ||
| 999 |
_c25293 _d25265 |
||